[Event "Solingen-ch 2023"]
[Site "Solingen"]
[Date "2023.10.27"]
[Round "5.17"]
[White "Kovalyova, Alina"]
[Black "Schüller, Reinhard"]
[Result "0-1"]
[WhiteElo "940"]
[BlackElo "1356"]
[PlyCount "82"]
[EventDate "2023.??.??"]
[WhiteTeam "SG Solingen"]
[BlackTeam "SG Solingen"]

1. e4 d5 2. exd5 Nf6 3. Bb5+ Bd7 4. Bxd7+ Qxd7 5. Nc3 Nxd5 6. Nxd5 Qxd5 7. Nf3 e5 8. d3 Nc6 9. O-O Bd6 10. Re1 O-O-O 11. Bg5 f6 12. Be3 Kb8 13. c4 Qe6 14. Rc1 e4 15. Bd2 Ne5 16. Nxe5 Qxe5 17. g3 Qxb2 18. Rc2 Qb6 19. Rxe4 Bc5 20. Be3 Qc6 21. Rd2 Bb4 22. Rd4 Rxd4 23. Bxd4 Bxd2 24. Qxd2 Rd8 25. Qc3 Qd6 26. Be3 Qxd3 27. Qxd3 Rxd3 28. h4 b6 29. Kf1 Ra3 30. c5 Rxa2 31. cxb6 cxb6 32. f4 f5 33. Bd4 g6 34. Be5+ Kb7 35. Bd4 Kc6 36. Be3 Kd5 37. Bf2 Ke4 38. Kg2 b5 39. Kf1 b4 40. Be1 b3 41. Bc3 b2 0-1

[Event "Solingen-ch 2023"]
[Site "Solingen"]
[Date "2023.10.27"]
[Round "5.18"]
[White "Dhanasekaran Meenambigai, Diya"]
[Black "Shivkumar, Shreyas"]
[Result "1/2-1/2"]
[WhiteElo "1345"]
[BlackElo "1403"]
[PlyCount "58"]
[EventDate "2023.??.??"]
[WhiteTeam "SG Solingen"]
[BlackTeam "SG Solingen"]

1. e4 c6 2. d4 d5 3. exd5 cxd5 4. Nf3 Nc6 5. c4 Nf6 6. Nc3 Bg4 7. cxd5 Nxd5 8. Be2 e6 9. h3 Bh5 10. Nxd5 Qxd5 11. Be3 Rd8 12. O-O Be7 13. a3 a5 14. Qd2 O-O 15. Rfd1 Bf6 16. Rac1 Qd7 17. Ne5 Bxe5 18. Bxh5 Nxd4 19. Qxa5 Qd5 20. Qxd5 Rxd5 21. Bxd4 Bxd4 22. Bf3 Rd7 23. Bxb7 Rxb7 24. Rxd4 Rxb2 25. Ra1 Ra8 26. a4 Kf8 27. a5 Ke7 28. a6 Rb6 29. a7 Rb7 1/2-1/2

[Event "Solingen-ch 2023"]
[Site "Solingen"]
[Date "2023.10.27"]
[Round "5.19"]
[White "White, William"]
[Black "Steinbach, Wolfgang"]
[Result "0-1"]
[WhiteElo "1269"]
[BlackElo "1914"]
[PlyCount "52"]
[EventDate "2023.??.??"]
[WhiteTeam "SG Solingen"]
[BlackTeam "SG Solingen"]

1. d4 d5 2. Nf3 Nf6 3. Nc3 e6 4. Bg5 Be7 5. Bxf6 Bxf6 6. e4 dxe4 7. Nxe4 Nd7 8. Bc4 O-O 9. c3 Be7 10. O-O Nb6 11. Be2 Nd5 12. Qd2 b6 13. Bc4 Bb7 14. Bxd5 Bxd5 15. Qd3 h6 16. b3 Bb7 17. c4 c5 18. Rfe1 cxd4 19. Qxd4 Qc8 20. Ne5 Rd8 21. Qe3 Ba3 22. Qf4 Qc7 23. Rab1 Bb4 24. Red1 f5 25. Ng3 g5 26. Rxd8+ Rxd8 0-1

[Event "Solingen-ch 2023"]
[Site "Solingen"]
[Date "2023.11.10"]
[Round "6.1"]
[White "Mänken, Merlin"]
[Black "Waagener, Ulrich"]
[Result "1-0"]
[WhiteElo "1895"]
[BlackElo "2093"]
[PlyCount "107"]
[EventDate "2023.??.??"]
[WhiteTeam "Elberfelder SG"]
[BlackTeam "SG Solingen"]

1. d4 d5 2. c4 c6 3. Nf3 dxc4 4. e4 b5 5. a4 e6 6. axb5 cxb5 7. b3 Bb7 8. bxc4 Bxe4 9. cxb5 Bb4+ 10. Bd2 Bxd2+ 11. Nbxd2 Bd5 12. Bd3 Nf6 13. O-O Nbd7 14. Qe2 O-O 15. Ra3 Qe7 16. Rfa1 Nb6 17. Ne5 Qb7 18. g4 g6 19. Qe3 Nbd7 20. Be2 Kg7 21. Qf4 Ng8 22. Rc1 Nxe5 23. Qxe5+ f6 24. Rc7+ Rf7 25. Rxb7 fxe5 26. Rxf7+ Kxf7 27. dxe5 Ke8 28. Nc4 Kd7 29. Ra6 Kc7 30. Ne3 Bb7 31. Rxe6 Rd8 32. Nc4 Rd4 33. Re8 Bd5 34. Nd6 h6 35. b6+ Kxb6 36. Rb8+ Kc5 37. Rb5+ Kc6 38. Ra5 Rd2 39. Bb5+ Kb6 40. Ra6+ Kc5 41. Rxa7 Kd4 42. Nf7 Rb2 43. Bf1 Bxf7 44. Rxf7 Kxe5 45. Rg7 Nf6 46. Rxg6 Ne4 47. f3 Nd2 48. Be2 Nb1 49. Rg8 Kf4 50. Rf8+ Ke3 51. Re8+ Kf4 52. Re4+ Kg5 53. f4+ Kh4 54. Re5 1-0

[Event "Solingen-ch 2023"]
[Site "Solingen"]
[Date "2023.11.10"]
[Round "6.2"]
[White "Kniest, Oliver"]
[Black "Zolfagharian, Kevin"]
[Result "1/2-1/2"]
[WhiteElo "2244"]
[BlackElo "2233"]
[PlyCount "50"]
[EventDate "2023.??.??"]
[WhiteTeam "SG Solingen"]
[BlackTeam "SG Solingen"]

1. d4 Nf6 2. Nf3 e6 3. Bf4 c5 4. e3 cxd4 5. exd4 Qb6 6. Qc1 Bd6 7. Bxd6 Qxd6 8. Nbd2 O-O 9. Be2 b6 10. O-O Bb7 11. c3 Qc7 12. Qc2 d6 13. Bd3 Nbd7 14. Rfe1 Rfe8 15. Ne4 h6 16. a4 e5 17. dxe5 dxe5 18. Nfd2 Rad8 19. Rad1 Nh5 20. Bf1 Ndf6 21. Nxf6+ Nxf6 22. Nc4 e4 23. Ne3 Nd7 24. Rd4 Nc5 25. Red1 Ne6 1/2-1/2

[Event "Solingen-ch 2023"]
[Site "Solingen"]
[Date "2023.11.10"]
[Round "6.3"]
[White "Boos, Markus"]
[Black "Shivkumar, Siddharth"]
[Result "1-0"]
[WhiteElo "2127"]
[BlackElo "1729"]
[PlyCount "91"]
[EventDate "2023.??.??"]
[WhiteTeam "Elberfelder SG"]
[BlackTeam "SG Solingen"]

1. Nf3 Nf6 2. c4 e6 3. g3 b6 4. Bg2 Bb7 5. O-O c5 6. Nc3 Be7 7. Re1 O-O 8. e4 d6 9. d4 cxd4 10. Nxd4 Qd7 11. b3 Nc6 12. Be3 Rfd8 13. Qe2 a6 14. Na4 Rab8 15. Nxb6 Qc7 16. Na4 Ne5 17. Bd2 Ned7 18. Rac1 Nc5 19. Nc3 Nfd7 20. b4 Ne5 21. bxc5 dxc5 22. Nb3 Nd3 23. e5 Bxg2 24. Kxg2 Nxc1 25. Bxc1 Rd7 26. Rd1 Rbd8 27. Rxd7 Rxd7 28. Qe4 Qc8 29. Be3 Rc7 30. Na4 a5 31. Nbxc5 g6 32. Nb6 Qe8 33. Nca4 Qb8 34. c5 Rb7 35. Qc6 Kg7 36. Qc8 Qc7 37. Qxc7 Rxc7 38. Kf3 Kf8 39. Ke4 Ke8 40. Kd3 Kd8 41. Kc4 Ra7 42. Nc3 Ra6 43. Nb5 f6 44. f4 fxe5 45. fxe5 Ke8 46. Nc7+ 1-0

[Event "Solingen-ch 2023"]
[Site "Solingen"]
[Date "2023.11.10"]
[Round "6.5"]
[White "Görke, Joachim"]
[Black "Walczewski, Christopher"]
[Result "1/2-1/2"]
[WhiteElo "2097"]
[BlackElo "1796"]
[PlyCount "42"]
[EventDate "2023.??.??"]
[WhiteTeam "SG Solingen"]
[BlackTeam "MTV Langenberg"]

1. d4 d5 2. c4 dxc4 3. e3 e5 4. Bxc4 exd4 5. exd4 Bd6 6. Nf3 Nf6 7. O-O O-O 8. h3 h6 9. Nc3 Nc6 10. a3 Bf5 11. Re1 Qd7 12. Bf1 Rfe8 13. Be3 Re7 14. Nb5 Rae8 15. Nxd6 Qxd6 16. Rc1 Nd5 17. Qd2 Be4 18. Ne5 Nxe5 19. dxe5 Rxe5 20. Bd4 R5e6 21. Bc5 Qf4 1/2-1/2

[Event "Solingen-ch 2023"]
[Site "Solingen"]
[Date "2023.11.10"]
[Round "6.6"]
[White "Loriguillo Gonzalez, Gregorio"]
[Black "Fichtner, Ewald"]
[Result "1-0"]
[WhiteElo "1848"]
[BlackElo "2072"]
[PlyCount "89"]
[EventDate "2023.??.??"]
[WhiteTeam "SG Solingen"]
[BlackTeam "SG Solingen"]

1. e4 c6 2. d4 d5 3. exd5 cxd5 4. Bd3 Nc6 5. c3 Qc7 6. h3 g6 7. Nf3 Bf5 8. O-O Nf6 9. Re1 e6 10. Bf1 h5 11. Be3 Bd6 12. a4 Ne4 13. Nbd2 f6 14. c4 g5 15. cxd5 exd5 16. Qb3 O-O-O 17. Kh1 Bf4 18. Nxe4 Bxe4 19. Nd2 Bf5 20. Rac1 g4 21. Bxf4 Qxf4 22. Rxc6+ bxc6 23. Ba6+ Kd7 24. Qb7+ Qc7 25. Re7+ Kxe7 26. Qxc7+ Rd7 27. Qxc6 gxh3 28. Qc5+ Rd6 29. Qxa7+ Ke6 30. g3 Rc6 31. Nb3 Be4+ 32. Kh2 Rc2 33. Nc5+ Kf5 34. Qd7+ Kg6 35. Nxe4 dxe4 36. Bb7 Rxf2+ 37. Kxh3 e3 38. Be4+ f5 39. Qe6+ Kg5 40. Qf7 Rh6 41. Qe7+ Rf6 42. Bd3 Rxb2 43. Qxe3+ Kg6 44. a5 Rb3 45. Bxf5+ 1-0

[Event "Solingen-ch 2023"]
[Site "Solingen"]
[Date "2023.11.10"]
[Round "6.7"]
[White "Bauer, Matthias"]
[Black "Flesch, Stefan"]
[Result "1/2-1/2"]
[WhiteElo "1637"]
[BlackElo "2031"]
[PlyCount "66"]
[EventDate "2023.??.??"]
[WhiteTeam "SV Günnigfeld 1922"]
[BlackTeam "SG Solingen"]

1. Nf3 Nf6 2. c4 d6 3. Nc3 e5 4. d3 Be7 5. g3 O-O 6. Bg2 c6 7. O-O Ne8 8. e4 g6 9. b4 f5 10. Bb2 Bf6 11. Qb3 Be6 12. a4 Qe7 13. b5 Nd7 14. Nd2 f4 15. Na2 Bg5 16. Nf3 c5 17. Nxg5 Qxg5 18. Bc1 Qe7 19. Qd1 g5 20. Nc3 Ndf6 21. Nd5 Nxd5 22. cxd5 Bd7 23. f3 Nf6 24. g4 h5 25. h3 Qh7 26. Rf2 Kg7 27. Kf1 hxg4 28. hxg4 Qh4 29. Ke2 Qg3 30. Bd2 Rh8 31. Qf1 Rh2 32. Kd1 Qh4 33. Kc2 Qh8 1/2-1/2

[Event "Solingen-ch 2023"]
[Site "Solingen"]
[Date "2023.11.10"]
[Round "6.9"]
[White "Pernizki, Max"]
[Black "Boschek, Hans-Joachim"]
[Result "0-1"]
[WhiteElo "1466"]
[BlackElo "1946"]
[PlyCount "72"]
[EventDate "2023.??.??"]
[WhiteTeam "SG Solingen"]
[BlackTeam "SG Solingen"]

1. d4 Nf6 2. c4 e6 3. Nf3 Bb4+ 4. Bd2 Qe7 5. a3 Bxd2+ 6. Nbxd2 d6 7. e4 e5 8. d5 a5 9. Be2 O-O 10. O-O Na6 11. b4 axb4 12. axb4 Bd7 13. Qb3 c6 14. dxc6 Bxc6 15. Bd3 Bd7 16. Ra3 Nc7 17. Rfa1 Rxa3 18. Rxa3 Na6 19. Qb2 Rc8 20. Bc2 Be6 21. b5 Nc5 22. Qa2 Qd8 23. Ng5 Bd7 24. Nb3 h6 25. Nxc5 Rxc5 26. Nf3 Rc8 27. Nd2 Be6 28. Kf1 Kh7 29. Ra7 Qb6 30. h3 Qd4 31. Ke1 Bxc4 32. Nxc4 Rxc4 33. Rxb7 Nxe4 34. Bd1 Rc1 35. Qe2 Rxd1+ 36. Qxd1 Qxf2# 0-1

[Event "Solingen-ch 2023"]
[Site "Solingen"]
[Date "2023.11.10"]
[Round "6.11"]
[White "Vranidis, Athanassios"]
[Black "Fetahovic, Sarah"]
[Result "1-0"]
[WhiteElo "1894"]
[BlackElo "1550"]
[PlyCount "81"]
[EventDate "2023.??.??"]
[WhiteTeam "SG Solingen"]
[BlackTeam "SG Solingen"]

1. d4 d5 2. c4 e6 3. Nc3 Nf6 4. Nf3 Bb4 5. cxd5 exd5 6. e3 Bg4 7. Qa4+ Nc6 8. Ne5 Bd7 9. Nxd7 Qxd7 10. Bb5 Bxc3+ 11. bxc3 O-O 12. O-O Ne4 13. c4 Nc3 14. Bxc6 bxc6 15. Qc2 Ne4 16. f3 Nd6 17. Ba3 Rfe8 18. Bxd6 Qxd6 19. Rfe1 Rab8 20. cxd5 cxd5 21. Rac1 Qa3 22. Qc3 Qa4 23. Re2 Rb7 24. Qc6 Qxc6 25. Rxc6 Kf8 26. Rc5 Rd8 27. Rec2 Rd7 28. Kf2 Ke7 29. Ke2 Kd8 30. Kd3 f5 31. g3 g6 32. h4 Rb6 33. a4 Rb3+ 34. R5c3 Rxc3+ 35. Rxc3 Ke7 36. g4 Kd6 37. Rc5 c6 38. e4 fxe4+ 39. fxe4 Rf7 40. exd5 cxd5 41. Ra5 {ZÜ} 1-0

[Event "Solingen-ch 2023"]
[Site "Solingen"]
[Date "2023.11.10"]
[Round "6.12"]
[White "Schüller, Reinhard"]
[Black "Fränzel, Marius"]
[Result "0-1"]
[WhiteElo "1356"]
[BlackElo "1757"]
[PlyCount "53"]
[EventDate "2023.??.??"]
[WhiteTeam "SG Solingen"]
[BlackTeam "SG Solingen"]

1. e4 e5 2. Nf3 Nc6 3. Bc4 Nf6 4. d4 exd4 5. O-O d6 6. Nxd4 Ne5 7. Bb3 Be7 8. Bf4 O-O 9. Bxe5 dxe5 10. Nf5 Nxe4 11. Qxd8 Bxd8 12. Re1 Bxf5 13. f3 Nd6 14. Nc3 Re8 15. Rad1 Kf8 16. g4 Bg6 17. h4 Bxh4 18. Re2 Bg3 19. Nd5 Nb5 20. c3 c6 21. Ne3 Rad8 22. Rxd8 Rxd8 23. Nc4 f6 24. a4 Nd6 25. Rd2 Ke7 26. Kg2 Bf4 27. Rd3 0-1

[Event "Solingen-ch 2023"]
[Site "Solingen"]
[Date "2023.11.10"]
[Round "6.13"]
[White "Scheidtmann, Kian"]
[Black "Atar, Efecan"]
[Result "1-0"]
[WhiteElo "1691"]
[BlackElo "1557"]
[PlyCount "33"]
[EventDate "2023.??.??"]
[WhiteTeam "SG Solingen"]
[BlackTeam "SG Solingen"]

1. b3 e5 2. Bb2 Nc6 3. c4 Nf6 4. e3 Be7 5. Nf3 e4 6. Nd4 O-O 7. Nxc6 bxc6 8. d4 exd3 9. Bxd3 d5 10. Qc2 Be6 11. Nd2 Qd6 12. Rd1 h6 13. O-O Ng4 {(=)} 14. Nf3 Bf6 15. e4 Ne5 16. Bxe5 Bxe5 17. c5 1-0

[Event "Solingen-ch 2023"]
[Site "Solingen"]
[Date "2023.11.10"]
[Round "6.15"]
[White "Bock, Jürgen"]
[Black "Fetahovic, Dzenan"]
[Result "1-0"]
[WhiteElo "1657"]
[BlackElo "1828"]
[PlyCount "63"]
[EventDate "2023.??.??"]
[WhiteTeam "SC Düsseldorf Garath"]
[BlackTeam "SG Solingen"]

1. d4 d5 2. Nf3 c5 3. e3 Nf6 4. c3 Bg4 5. h3 Bh5 6. g4 Bg6 7. Ne5 Qc7 8. h4 Nbd7 9. h5 Bxb1 10. Nxd7 Nxd7 11. Rxb1 e6 12. Qf3 cxd4 13. exd4 Be7 14. Bd3 f6 15. g5 O-O-O 16. gxf6 Bxf6 17. Be3 Rdf8 18. Qg4 Qd6 19. f4 Re8 20. Kd2 Nb6 21. Kc2 Qc6 22. b3 a5 23. a4 Qd6 24. Kb2 Kb8 25. Ka2 Rc8 26. Rhc1 Be7 27. Rb2 Qa3+ 28. Kb1 Nxa4 29. bxa4 Rxc3 30. Rxc3 Qxc3 31. Qd1 Ba3 32. Rb3 1-0

[Event "Solingen-ch 2023"]
[Site "Solingen"]
[Date "2023.11.10"]
[Round "6.16"]
[White "Helfer, Bernd"]
[Black "Dhanasekaran Meenambigai, Diya"]
[Result "1/2-1/2"]
[WhiteElo "1776"]
[BlackElo "1345"]
[PlyCount "65"]
[EventDate "2023.??.??"]
[WhiteTeam "SC Erkrath 1973"]
[BlackTeam "SG Solingen"]

1. Nf3 d5 2. g3 Nf6 3. Bg2 g6 4. b3 Bg7 5. Bb2 O-O 6. c4 c6 7. O-O Nbd7 8. d3 e6 9. Nbd2 Re8 10. d4 b6 11. Rc1 Bb7 12. Re1 Rc8 13. b4 c5 14. bxc5 bxc5 15. cxd5 Nxd5 16. Nc4 N7b6 17. dxc5 Bxb2 18. Nxb2 Nd7 19. Qd4 N5f6 20. Red1 Qe7 21. Nd3 e5 22. Qb4 Bd5 23. Nfe1 e4 24. c6 Bxc6 25. Qxe7 Rxe7 26. Nb4 Bb7 27. Rxc8+ Bxc8 28. Nc6 Re6 29. Nxa7 Ba6 30. e3 Bc4 31. Bh3 Ra6 32. Nc8 Nf8 33. Nd6 1/2-1/2

[Event "Solingen-ch 2023"]
[Site "Solingen"]
[Date "2023.11.10"]
[Round "6.17"]
[White "Littek, Oliver"]
[Black "Neumair, Dorian"]
[Result "0-1"]
[WhiteElo "1563"]
[BlackElo "1521"]
[PlyCount "32"]
[EventDate "2023.??.??"]
[WhiteTeam "SG Solingen"]
[BlackTeam "SC Erkrath 1973"]

1. e4 e5 2. Nf3 Nc6 3. Bc4 Bc5 4. c3 Nf6 5. d3 d6 6. Nbd2 Be6 7. O-O O-O 8. Ng5 d5 9. Nxe6 fxe6 10. Bb3 Qe8 11. Bc2 Rd8 12. exd5 exd5 13. Qe1 Ng4 14. d4 exd4 15. Qxe8 Rdxe8 16. Nb3 Bb6 0-1

[Event "Solingen-ch 2023"]
[Site "Solingen"]
[Date "2023.11.10"]
[Round "6.21"]
[White "Fodor, Bernhard"]
[Black "Wawi, Bilal Alexander"]
[Result "0-1"]
[WhiteElo "1299"]
[BlackElo "1428"]
[PlyCount "76"]
[EventDate "2023.??.??"]
[WhiteTeam "SG Solingen"]
[BlackTeam "SG Solingen"]

1. f4 Nf6 2. d3 d5 3. Nf3 Nc6 4. c3 Bg4 5. Ne5 Bh5 6. Qa4 Qd6 7. Na3 Kd8 8. Nxc6+ Qxc6 9. Qd4 Bg6 10. h3 e6 11. Be3 b6 12. b4 Qa4 13. Nc4 c5 14. bxc5 Bxc5 15. Qe5 dxc4 16. Bxc5 bxc5 17. Qd6+ Nd7 18. e4 Qc2 19. Be2 Qxc3+ 20. Kf2 Qd4+ 21. Qxd4 cxd4 22. f5 exf5 23. g4 fxe4 24. dxc4 Re8 25. Rad1 d3 26. c5 dxe2 27. Kxe2 Kc7 28. Rd5 Rab8 29. Ke3 Nf6 30. Rd6 Red8 31. Rhd1 Rxd6 32. Rxd6 Rb5 33. Kd4 e3 34. Kc4 a6 35. Rxa6 Rb7 36. Ra3 e2 37. Re3 Rb2 38. a4 Kc6 0-1

[Event "Solingen-ch 2023"]
[Site "Solingen"]
[Date "2023.11.17"]
[Round "7.1"]
[White "Kniest, Oliver"]
[Black "Mänken, Merlin"]
[Result "1/2-1/2"]
[WhiteElo "2258"]
[BlackElo "1979"]
[PlyCount "103"]
[EventDate "2023.??.??"]
[WhiteTeam "SG Solingen"]
[BlackTeam "Elberfelder SG"]

1. Nf3 c5 2. c4 Nc6 3. d4 cxd4 4. Nxd4 Nf6 5. Nc3 e6 6. a3 Be7 7. e4 O-O 8. Be2 d5 9. exd5 exd5 10. Nxc6 bxc6 11. cxd5 Nxd5 12. Nxd5 Qxd5 13. Qxd5 cxd5 14. Bf4 Bf6 15. O-O-O Bf5 16. Bd3 Rfc8+ 17. Kb1 Rc4 18. Bg3 Bxd3+ 19. Rxd3 Re8 20. Rhd1 d4 21. Rc1 Rxc1+ 22. Kxc1 h5 23. Kd1 Re6 24. b4 Kf8 25. f3 Ke7 26. Bf2 Kd7 27. Rd2 Rd6 28. Ke2 Ke6 29. Kd3 Ra6 30. Ra2 Kd5 31. a4 Rc6 32. Be1 Rc1 33. Bd2 Rg1 34. Rc2 Rxg2 35. Rc5+ Ke6 36. Rxh5 Rf2 37. Ra5 Rxf3+ 38. Ke4 Rf2 39. Ra6+ Kd7 40. Rxa7+ Kc6 41. Bf4 Ra2 {(=)} 42. b5+ Kb6 43. Ra6+ Kb7 44. a5 Bd8 45. Rd6 Bxa5 46. Rd7+ Kb6 47. Rxf7 Kxb5 48. Kxd4 Rf2 49. Ke4 Bc3 50. Ke3 Rg2 51. Kf3 Rg6 52. Rf5+ 1/2-1/2

[Event "Solingen-ch 2023"]
[Site "Solingen"]
[Date "2023.11.17"]
[Round "7.2"]
[White "Bilenko, Yaroslav"]
[Black "Zolfagharian, Kevin"]
[Result "0-1"]
[WhiteElo "2096"]
[BlackElo "2234"]
[PlyCount "140"]
[EventDate "2023.??.??"]
[WhiteTeam "SF Gerresheim 86"]
[BlackTeam "SG Solingen"]

1. e4 e5 2. Nf3 Nf6 3. Nxe5 d6 4. Nf3 Nxe4 5. Nc3 Nxc3 6. dxc3 Be7 7. Bf4 Nd7 8. Qd2 O-O 9. O-O-O Re8 10. h4 h6 11. Bc4 Nb6 12. Bd3 Bf8 13. Kb1 Bg4 14. Rdg1 Qd7 15. Nh2 Be6 16. g4 Qa4 17. a3 Nc4 18. Qc1 d5 19. Bxc4 Qxc4 20. Rg3 Bxa3 21. bxa3 d4 22. Qb2 dxc3 23. Qxc3 Qxf4 24. g5 h5 25. g6 f6 26. Qc5 Qc4 27. Qxc4 Bxc4 28. Rc3 Bd5 29. Rd1 c6 30. Nf1 Be4 31. Ng3 Bxg6 32. Rd7 b6 33. f4 Red8 34. Rxd8+ Rxd8 35. f5 Be8 36. Re3 Kf8 37. Ne2 Bd7 38. Rf3 Re8 39. Ng3 Re5 40. Kb2 Kf7 41. Kc3 g5 42. hxg5 fxg5 43. Nxh5 Rxf5 44. Rd3 Be6 45. Ng3 Rc5+ 46. Kb2 Bf5 47. Rf3 Kg6 48. c3 g4 49. Re3 Kg5 50. Re7 a5 51. Ne2 Kf6 52. Rc7 Be4 53. Rc8 Bf3 54. Nd4 Bd5 55. Ne2 Be6 56. Rf8+ Ke7 57. Rh8 Re5 58. Nd4 Bd5 59. c4 Bf3 60. Rg8 c5 61. Nc2 Kf7 62. Rd8 Be2 63. Rd7+ Kf6 64. Rd6+ Re6 65. Rxe6+ Kxe6 66. Ne3 g3 67. Kc3 Bf3 68. Kb3 g2 69. Nxg2 Bxg2 70. Ka4 Bc6+ 0-1

[Event "Solingen-ch 2023"]
[Site "Solingen"]
[Date "2023.11.17"]
[Round "7.3"]
[White "Waagener, Ulrich"]
[Black "Boos, Markus"]
[Result "0-1"]
[WhiteElo "2104"]
[BlackElo "2122"]
[PlyCount "82"]
[EventDate "2023.??.??"]
[WhiteTeam "SG Solingen"]
[BlackTeam "Elberfelder SG"]

1. e4 c5 2. Nf3 Nc6 3. Nc3 e5 4. Bc4 Be7 5. d3 Nf6 6. Qe2 d6 7. h3 O-O 8. O-O Rb8 9. Nd5 b5 10. Nxf6+ Bxf6 11. Bd5 Ne7 12. c4 Nxd5 13. cxd5 Bd7 14. Bd2 a5 15. b3 g6 16. Bh6 Bg7 17. Qd2 f5 18. Ne1 f4 19. Bxg7 Kxg7 20. f3 h5 21. a3 Ra8 22. Ra2 Qb6 23. Qf2 g5 24. Rb2 Qd8 25. b4 cxb4 26. axb4 a4 27. d4 exd4 28. Qxd4+ Qf6 29. Nc2 Rfc8 30. Re1 Qxd4+ 31. Nxd4 Rc4 32. Nf5+ Bxf5 33. exf5 a3 34. Rbe2 a2 35. Ra1 Kf6 36. Raxa2 Rxa2 37. Rxa2 Kxf5 38. Rb2 Ke5 39. Kf2 Kxd5 40. g3 fxg3+ 41. Kxg3 Rd4 0-1

[Event "Solingen-ch 2023"]
[Site "Solingen"]
[Date "2023.11.17"]
[Round "7.4"]
[White "Kushchan, Eduard"]
[Black "Loriguillo Gonzalez, Gregorio"]
[Result "1-0"]
[WhiteElo "2031"]
[BlackElo "1838"]
[PlyCount "111"]
[EventDate "2023.??.??"]
[WhiteTeam "SG Solingen"]
[BlackTeam "SG Solingen"]

1. d4 d5 2. Nf3 Nf6 3. e3 c5 4. Nbd2 e6 5. Bd3 Nbd7 6. c3 b6 7. O-O Bb7 8. Ne5 Bd6 9. f4 Ne4 10. Nxe4 dxe4 11. Bb5 Bxe5 12. fxe5 O-O 13. Bd2 a6 14. Ba4 b5 15. Bc2 Qg5 16. Qe2 f5 17. exf6 gxf6 18. Be1 Bd5 19. Rf4 f5 20. Bg3 c4 21. Rf2 a5 22. a4 b4 23. cxb4 axb4 24. Bd6 b3 25. Bxf8 Kxf8 26. Bd1 Nf6 27. h3 Ke7 28. a5 Ra7 29. Qd2 Nd7 30. Rf4 Kf6 31. Be2 Nb6 32. Raf1 Na4 33. Ra1 c3 34. bxc3 b2 35. Rb1 Rg7 36. Bf1 Ba2 37. Rxb2 Nxb2 38. Qxb2 Bd5 39. c4 Ba8 40. Qb4 Qg3 41. Qd2 Qxh3 42. Qf2 Qh5 43. a6 Qd1 44. d5 Rg5 45. Rxe4 exd5 46. Qb2+ d4 47. Qxd4+ Qxd4 48. Rxd4 Ke5 49. Rd8 Bc6 50. a7 f4 51. Rc8 Bb7 52. Rc5+ Kf6 53. Rxg5 Kxg5 54. exf4+ Kxf4 55. c5 Ke5 56. Be2 1-0

[Event "Solingen-ch 2023"]
[Site "Solingen"]
[Date "2023.11.17"]
[Round "7.5"]
[White "Gülcan, Batuhan Ege"]
[Black "Boschek, Hans-Joachim"]
[Result "1/2-1/2"]
[WhiteElo "1638"]
[BlackElo "1932"]
[PlyCount "175"]
[EventDate "2023.??.??"]
[WhiteTeam "SG Solingen"]
[BlackTeam "SG Solingen"]

1. d4 Nf6 2. c4 e6 3. Nc3 Bb4 4. Qc2 c5 5. dxc5 O-O 6. a3 Bxc5 7. e3 d5 8. cxd5 exd5 9. Nf3 Nc6 10. Be2 Ne4 11. Nxe4 dxe4 12. Qxc5 exf3 13. Bxf3 Be6 14. O-O Qf6 15. Qh5 g6 16. Qb5 Ne5 17. Qxb7 Rac8 18. Bd2 Rb8 19. Qe4 Rxb2 20. Bb4 Rc8 21. Rfc1 Rbc2 22. Rxc2 Nxf3+ 23. gxf3 Rxc2 24. Rd1 Rc4 25. Qd3 Rc8 26. f4 Bg4 27. Re1 Bf3 28. Qd7 Ra8 29. Qh3 Bb7 30. Qh6 a5 31. Bd2 Rd8 32. Bxa5 Re8 33. Qh3 Qc6 34. f3 Qb5 35. Bb4 Qd3 36. Kf2 Rc8 37. Qf1 Qd5 38. Qe2 Qh5 39. Kg1 Bxf3 40. Qf2 Be4 41. Qg3 Rc2 42. Rf1 Rg2+ 43. Qxg2 Bxg2 44. Kxg2 Qe2+ 45. Rf2 Qxe3 46. Rf3 Qe4 47. Kg3 h5 48. h4 Qf5 49. Kf2 Qg4 50. Be7 Qd7 51. Bf6 Qf5 52. Bc3 Qc5+ 53. Re3 Qc6 54. Kg3 f6 55. Bb4 Qd7 56. Kf2 Qa7 57. Kf3 Qb7+ 58. Kf2 Qd7 59. Re7 Qc8 60. Re3 g5 61. fxg5 fxg5 62. hxg5 h4 63. Bd6 Qf5+ 64. Rf3 Qxg5 65. Bf4 Qg4 66. a4 Qd7 67. Bg5 Qxa4 68. Rh3 Qg4 69. Rxh4 Qxg5 70. Rh3 Qd2+ 71. Kf3 Kg7 72. Rg3+ Kf6 73. Rg2 Qd4 74. Rh2 Kg5 75. Rg2+ Kf5 76. Re2 Qg4+ 77. Ke3 Qc4 78. Rf2+ Ke5 79. Re2 Qc3+ 80. Kf2+ Kf4 81. Kg1 Qh3 82. Rf2+ Ke4 83. Re2+ Kd4 84. Rg2 Qe3+ 85. Kh2 Qf4+ 86. Kh1 Qh4+ 87. Rh2 Qg3 88. Rd2+ 1/2-1/2

[Event "Solingen-ch 2023"]
[Site "Solingen"]
[Date "2023.11.17"]
[Round "7.6"]
[White "Fränzel, Marius"]
[Black "Görke, Joachim"]
[Result "1-0"]
[WhiteElo "1755"]
[BlackElo "2084"]
[PlyCount "105"]
[EventDate "2023.??.??"]
[WhiteTeam "SG Solingen"]
[BlackTeam "SG Solingen"]

1. e4 e5 2. Nf3 Nc6 3. Bb5 a6 4. Ba4 d6 5. c3 g6 6. d4 Bd7 7. O-O Bg7 8. d5 Nce7 9. Bc2 h6 10. c4 b6 11. Nc3 Nf6 12. h3 Qc8 13. Kh2 g5 14. Ng1 Ng6 15. g3 b5 16. b3 b4 17. Nce2 a5 18. Be3 O-O 19. Rc1 c5 20. f3 {(=)} a4 21. bxa4 Qa6 22. Bb3 Bxa4 23. Ra1 Nd7 24. Qc1 Nb6 25. h4 Nf4 26. Bxf4 exf4 27. Rb1 fxg3+ 28. Nxg3 f6 29. Nf5 Nd7 30. Rf2 Ne5 31. Rg2 Bd7 32. Nxg7 Kxg7 33. Qf1 Qc8 34. Rg3 Ng6 35. Ne2 Nxh4 36. f4 Qe8 37. Qh1 Qh5 38. Kg1 Qxe2 39. Qxh4 Qxe4 40. Rf1 Kh7 41. Qh2 g4 42. Bc2 Qxc2 43. Qxc2+ f5 44. Rxg4 Ra3 45. Rg2 Rc3 46. Qe2 Rf7 47. Rf3 Rc1+ 48. Kh2 Ra1 49. Rg1 Rxg1 50. Kxg1 Kg6 51. Rg3+ Kf6 52. Qb2+ Ke7 53. Rg7 1-0

[Event "Solingen-ch 2023"]
[Site "Solingen"]
[Date "2023.11.17"]
[Round "7.7"]
[White "Flesch, Stefan"]
[Black "Kovalyov, Dima"]
[Result "1-0"]
[WhiteElo "2006"]
[BlackElo "1670"]
[PlyCount "49"]
[EventDate "2023.??.??"]
[WhiteTeam "SG Solingen"]
[BlackTeam "SG Solingen"]

1. d4 d5 2. c4 c6 3. cxd5 cxd5 4. Nf3 Nf6 5. Nc3 Nc6 6. Bf4 Bg4 7. e3 e6 8. Qb3 Qb6 9. Bb5 Bxf3 10. gxf3 Rc8 11. O-O Nh5 12. Bg3 Nxg3 13. hxg3 Qc7 14. e4 dxe4 15. fxe4 a6 16. Bxc6+ bxc6 17. d5 e5 18. Rac1 Bd6 19. dxc6 Qxc6 20. Nb5 Qxc1 21. Nxd6+ Kd7 22. Nxc8 Qc6 23. Nb6+ Ke8 24. Nd5 Kd7 25. Rd1 1-0

[Event "Solingen-ch 2023"]
[Site "Solingen"]
[Date "2023.11.17"]
[Round "7.8"]
[White "Shivkumar, Siddharth"]
[Black "Vranidis, Athanassios"]
[Result "1-0"]
[WhiteElo "1772"]
[BlackElo "1876"]
[PlyCount "57"]
[EventDate "2023.??.??"]
[WhiteTeam "SG Solingen"]
[BlackTeam "SG Solingen"]

1. e4 c5 2. c3 Nf6 3. e5 Nd5 4. d4 cxd4 5. Nf3 Nc6 6. Bc4 Nb6 7. Bb3 d5 8. exd6 Qxd6 9. O-O Be6 10. Bxe6 Qxe6 11. Nxd4 Nxd4 12. cxd4 Qd7 13. Nc3 e6 14. Bf4 Bd6 15. Bxd6 Qxd6 16. Ne4 Qd5 17. Qg4 O-O-O 18. Qf4 e5 19. dxe5 Kb8 20. e6+ Ka8 21. exf7 Rhf8 22. Nc3 Qxf7 23. Qxf7 Rxf7 24. Rad1 Rc8 25. Rfe1 a6 26. Re2 Rfc7 27. g3 Nc4 28. Nd5 Rc6 29. Ne7 1-0

[Event "Solingen-ch 2023"]
[Site "Solingen"]
[Date "2023.11.17"]
[Round "7.9"]
[White "Walczewski, Christopher"]
[Black "Scheidtmann, Kian"]
[Result "0-1"]
[WhiteElo "1788"]
[BlackElo "1681"]
[PlyCount "72"]
[EventDate "2023.??.??"]
[WhiteTeam "MTV Langenberg"]
[BlackTeam "SG Solingen"]

1. d4 Nf6 2. c4 e6 3. g3 d5 4. Bg2 c6 5. Nf3 Nbd7 6. O-O Be7 7. b3 dxc4 8. bxc4 O-O 9. Bb2 c5 10. e3 Qc7 11. d5 exd5 12. cxd5 b5 13. Re1 Bd6 14. e4 Re8 15. e5 Bxe5 16. Nxe5 Qa5 17. Bc3 b4 18. Nxd7 Bxd7 19. Rxe8+ Nxe8 20. Be5 c4 21. Nd2 Rc8 22. Qc1 f6 23. Bd4 Nd6 24. Ne4 Nxe4 25. Bxe4 Qb5 26. Bxa7 c3 27. Qc2 h6 28. Be3 Qa6 29. Bh7+ Kh8 30. Bd3 Qa5 31. Be4 Ba4 32. Qc1 f5 33. Bxf5 Qxd5 34. Bxc8 Bc6 35. Kf1 Qh1+ 36. Ke2 Bb5# 0-1